000
00250as aa2200109a 44500
090
_a
SERIADAS
_b
01593
245
1
0
_a
Panorama de las Américas
260
_b
Copa Airlines
_a
Estados Unidos
310
_a
IRREGULAR
041
0
_a
Español
942
_c
REVISTA
999
_c
17354
_d
17354